000 00401nam a2200121 a 4500
008 120416s1970 xx |||||||||||||| || u
050 _aTS 227 Woo
100 _aWoods, Peter F
245 1 0 _aProduction welding
260 _c1970
350 _a0.00
995 _D0.00
_FCBU-MAIN LIBRARY (Kitwe)
_H1
_I4.00
_UAVAILABLE
_ZMain Library Open Access Collection
999 _c54916
_d54916